| 000 | 01658cam a2200457 a 4500 | ||
|---|---|---|---|
| 001 | 23002 | ||
| 003 | SK-KTurca | ||
| 005 | 20260513140825.0 | ||
| 008 | 180601s2007 xo oabcg 001 0 slo | ||
| 015 | _aSNBA2008/10-04684 | ||
| 020 |
_a9788089144945 _q(viaz.) |
||
| 035 | _a79E7662F-108E-4AB7-A9CF-C412124E4AD3 | ||
| 035 | _aurn:nbn:sk:snk-am3h56x | ||
| 035 | _aurn:nbn:sk:snk-am00cnu1 | ||
| 040 |
_aPOKPOH _bslo _cPOKPOH _dSNK _eAACR2 |
||
| 041 | 1 |
_aslo _hger |
|
| 044 |
_axo _cSK |
||
| 072 | 7 |
_a94(100) _xSvetové dejiny _2konspekt |
|
| 072 | 7 |
_a355/359 _xVojenstvo. Obrana krajiny. Ozbrojené sily _2konspekt |
|
| 080 |
_a94(100)"1939/1945" _22001 |
||
| 080 |
_a(031) _22001 |
||
| 080 |
_a355.4 (091) _22001 |
||
| 130 | 0 |
_aChronik des Zweiten Weltkriegs _lSlovensky |
|
| 245 | 0 | 0 |
_aKronika druhej svetovej vojny _c[z nemeckého originálu preložili: Dávid Bystrický ... [et al.] ; úvodný predhovor napísali: František Cséfalvay, Jan Gebhart] |
| 250 | _a2. slov. vyd. | ||
| 260 |
_aBratislava _bFortuna Libri _c2007 |
||
| 300 |
_a519 s. _bfotogr. (čiast. fareb.) , mp., tab. _c29 cm |
||
| 504 | _aBibliogr. s. 504-505. Men. a miest. reg. | ||
| 650 | 0 | 7 |
_adruhá svetová vojna (1939-1945) _2SNKPH |
| 650 | 0 | 7 |
_aWorld War (1939-1945) _2SNKPHeng |
| 650 | 0 | 7 |
_avojenské operácie _xdejiny _2SNKPH |
| 650 | 0 | 7 |
_aWar operations _xhistory _2SNKPHeng |
| 655 | 7 |
_aencyklopédie _2SNKPH |
|
| 655 | 7 |
_aEncyclopedias _2SNKPHeng |
|
| 700 | 1 |
_aBystrický, Dávid _4trl |
|
| 700 | 1 |
_aCséfalvay, František, _d1953- _4aui |
|
| 700 | 1 |
_aHrbek, Jaroslav _4aui |
|
| 942 |
_2ddc _cOLDO _n0 |
||
| 980 | _a355.4 (091) | ||
| 980 | _a94(100)"1939/1945" | ||
| 999 |
_c23002 _d23002 |
||